| 000 | 00737nam a22002057a 4500 | ||
|---|---|---|---|
| 005 | 20100814115944.0 | ||
| 010 | _aENG-100352 | ||
| 020 |
_a9788190804189 _c40.00 |
||
| 035 | _aEN-83884 | ||
| 037 | _bDBAD/PUB | ||
| 082 | _a954.08 | ||
| 100 |
_aGaddaffe, S. F. Mohamed _913210 |
||
| 245 |
_aLife history of kattabomman / _cby S. F. Mohamed Gaddaffe |
||
| 260 |
_aChennai _bValar Pirai Pathpagam _c2008 |
||
| 270 |
_aNo. 17, Salai Vinaygar Koil Street, Broadway _bChennai _e1 |
||
| 300 |
_a87p. _c20cm (pbk) |
||
| 650 |
_aKattabomman _913211 |
||
| 942 |
_2ddc _cEN _h954.08 _mGAD |
||
| 999 |
_c41842 _d41842 |
||